000 004920000a22001810004500
003 MACL
005 20160217124619.0
008 160217b xxu||||| |||| 00| 0 eng d
040 _aMACL
_cMACL
041 _aHindi
082 _a340
100 _aजैन माईदयाल
_938639
245 _aहमारा विघान
260 _bराजकमल प्रकाशन
_aनई दिल्‍ली
350 _a1
650 _aLaw
_938640
942 _cHIN
_k340
_2ddc
999 _c23618
_d23618